000 00571cam a2200205ua 4500
001 4162
008 111219n ii |||gr||||Z||||||asm
020 _a81-237-2321-0
040 _cMAIN
082 _a891.4513
100 1 _aBasir, Woikom Mahmad,
245 1 1 _aPattummar chagalijani aru sarukalar sakhi
_cby Woikom Mahmad Basir
250 _a1st.
260 _aNew Delhi:
_bNational book trust,998.
300 _a105p:
_c23cm.
653 _aAssamese novel
653 _aPattummar chagalijani aru sarukalar sakhi
700 _aBaruah, Anu,
_eTranslator.,
942 _cBK
999 _c3984
_d3984